| 000 | 00491nam a2200157 i 4500 | ||
|---|---|---|---|
| 001 | 79331 | ||
| 003 | ES-MaACL | ||
| 005 | 20230906173945.0 | ||
| 007 | t| | ||
| 008 | 041020s1953 sp ||||1| spa d | ||
| 100 | 1 |
_aHenry, Arnold K. _962590 |
|
| 245 | 1 | 0 |
_aExposición extensible aplicada a la cirugía de los miembros / _cpor Arnold K. Henry. |
| 260 |
_aBarcelona : _bSalvat, _c1953 ( _fImp. Hispano-Americana) |
||
| 300 |
_a187 p. : _bil. ; _c25 cm. |
||
| 852 |
_aES-MaACL _jD-9081 _bR.34215 |
||
| 999 |
_c79331 _d79331 |
||